NLSUI OPAC header image

Basic law for the federal republic of Germany (Record no. 120833)

MARC details
000 -LEADER
fixed length control field 00343nam a22001337a 4500
005 - DATE AND TIME OF LATEST TRANSACTION
control field 20200819121629.0
008 - FIXED-LENGTH DATA ELEMENTS--GENERAL INFORMATION
fixed length control field 200819b1949 ||||| |||| 00| 0 eng
082 ## - DEWEY DECIMAL CLASSIFICATION NUMBER
Classification number 342.433 BAS
245 ## - TITLE STATEMENT
Title Basic law for the federal republic of Germany
260 ## - PUBLICATION, DISTRIBUTION, ETC.
Date of publication, distribution, etc. 1949
300 ## - PHYSICAL DESCRIPTION
Extent 40p
651 ## - SUBJECT ADDED ENTRY--GEOGRAPHIC NAME
Source of heading or term Basic Law - Republic of Germany
942 ## - ADDED ENTRY ELEMENTS (KOHA)
Source of classification or shelving scheme Dewey Decimal Classification
Koha item type Repository
Holdings
Withdrawn status Lost status Source of classification or shelving scheme Damaged status Not for loan Home library Current library Shelving location Date acquired Total Checkouts Full call number Barcode Date last seen Price effective from Koha item type Public note
    Dewey Decimal Classification     . .   19.08.2020   342.433 BAS REP13471 19.08.2020 19.08.2020 Repository Located at Documentation Centre Shelves